000
00282nam a2200109Ia 4500
008
200302s9999 xx 000 0 und d
100
_a
Rajshree Ranawat
245
_a
History Reconstrued Through Literature
260
_b
Sarup Book Publishers Pvt. Ltd
260
_c
2017
300
_a
314
999
_c
7238
_d
7238